Възстановителен туризъм (Запис номер 10643)
[ съкратено ]
| 000 -Лидер | |
|---|---|
| Контролно поле с фиксирана дължина | 01917nam a2200349 c 4500 |
| 003 - Код на организацията, давaща контролен номер | |
| Контролно поле | BLK |
| 005 - Дата и час на последна редакция | |
| Контролно поле | 20180420214551.0 |
| 008 - Елементи от данни с фиксирана дължина | |
| fixed length control field | 180412b bul|||||r ||||||| ||bul|| |
| 010 ## - Наследен системен номер | |
| LC control number | KNG00012144000 |
| 020 ## - Международен стандартен номер на книга ISBN | |
| Международен стандартен номер на книга ISBN | 954-520-066-9 |
| -- | издат.: Отворено о-во |
| 040 ## - Източник на каталожния запис | |
| Идентификатор на билиотеката - собственик на записа | BLK |
| 041 ## - Код за език | |
| Код за езика на текст/звукозапис или на отделно заглавие | Български |
| Код за езика КДБФ | Български |
| 080 ## - УДК | |
| Текстов определител УДК | Туризмът от стопанско гледище. Политика по отношение на туризма. Икономика и организация на туризма. Вътрешен и международен туризъм. Вж и 379.8 |
| УДК код - определител по УДК | 338.48 |
| УДК определител | (075.8) |
| УДК - код + определител | 338.48(075.8) |
| 080 ## - УДК | |
| Текстов определител УДК | Пазар. Анализ на пазара. Търсене. Предлагане. Конкуренция. Маркетингова логистика |
| УДК код - определител по УДК | 339.13 |
| УДК определител | (075.8) |
| УДК - код + определител | 339.13(075.8) |
| 100 1# - Редна дума - Автор | |
| Автор | Райън, Крис |
| Авторска отговорност | първи автор |
| R(LIN) | 255727 |
| 139 ## - Редно поле | |
| Редна дума | Райън, Крис |
| Авторски знак | Раич - Р 29 |
| 245 10 - Сведения за заглавието | |
| Заглавие | Възстановителен туризъм |
| Подзаглавни данни | Учебник за студенти от ВУЗ |
| Редно поле (дума) | Крис Райън. |
| 257 ## - Страна на издаване | |
| Страна на създаване/издаване | Великобритания |
| 260 ## - Област на издателските данни | |
| -- | София |
| Име на издателя, разпространителя и проч. | Отворено о-во |
| Година на издаване | 1996 |
| 300 ## - Физическа характеристика | |
| Страници | 240 с. |
| Илюстрации и др. | с табл., диагр., сх. |
| Размери/Мащаб | 21 см |
| 380 ## - Жанр | |
| Жанр | Обществени науки |
| 500 ## - Общи забележки | |
| Забележка | Деп. списък: 14 Ориг. загл. Recreational tourism / Chris Ryan ; 10 500 тир. |
| 650 #4 - Допълнително описание по предмет – тема | |
| Основно описание – тема или топоним | Стопански туризъм - икономика и организация - учебници за ВУЗ |
| 9 (RLIN) | 243762 |
| 650 #4 - Допълнително описание по предмет – тема | |
| Основно описание – тема или топоним | Туризъм, международен - икономика и организация - учебници за ВУЗ |
| 9 (RLIN) | 243763 |
| 650 #4 - Допълнително описание по предмет – тема | |
| Основно описание – тема или топоним | Маркетинг - стопански туризъм - учебници за ВУЗ |
| 9 (RLIN) | 255728 |
| 653 ## - Ключова дума – ненормативна | |
| Ключова дума | туризъм |
| 852 ## - Местоположение | |
| Форматна сигнатура | Цб 188568 |
| 856 4# - Електронен адрес и достъп | |
| Електронен формат | pdf - файл |
| Път до файла /url/ | |
| 856 4# - Електронен адрес и достъп | |
| Електронен формат | pdf - файл |
| Път до файла /url/ | |
| 942 ## - АРТИКУЛИ | |
| Вид на библиотечния материал | Книги |
| Скрит в OPAC | Не |
| 944 ## - СЪЗДАВАНЕ И РЕДАКЦИЯ на ЗАПИСА | |
| Създаване/Редакция | Създаване |
| Дата на регистрацията/редакция | 15.01.2003 |
| Служител, извършил регистрацията/редакцията | Кети_Илиева |
| 944 ## - СЪЗДАВАНЕ И РЕДАКЦИЯ на ЗАПИСА | |
| Създаване/Редакция | Редакция |
| Дата на регистрацията/редакция | 23.01.2015 |
| Служител, извършил регистрацията/редакцията | Радостина_Карадакова |
| 999 ## - СИСТЕМНИ КОНТРОЛНИ НОМЕРА | |
| Koha biblionumber | 10643 |
| Koha biblioitemnumber | 10643 |
| Код за отписване | Код за изгубен артикул | Източник на класификационната схема | Код за повреда | Коз за рестрикции | Код за отдаване | Артикулен № | Име на библиотеката - собственик | Име на библиотеката, в която се намира в момента | Статус (Текущо местоположение) | Дата на вписване в системата | Местоположение - отдел | Цена в лева | Инвентарен номер | Систематично азбучна сигнатура | Баркод | Номер на екземпляра | Цена в евро | Служебен тип на артикула | Служебна бележка |
|---|---|---|---|---|---|---|---|---|---|---|---|---|---|---|---|---|---|---|---|
| Не е изгубен | Universal Decimal Classification | Не е повреден | без рестрикции | ползва се в читалня | 18431 | Регионална библиотека "Любен Каравелов" Русе | Регионална библиотека "Любен Каравелов" Русе | Хранилище | 2001-01-01 | Хранилище | 0.00 | 622058 | Цб 188568 | 120000622058 | 1 | 0.00 | Книги | ||
| Не е изгубен | Universal Decimal Classification | Не е повреден | без рестрикции | ползва се в читалня | 18432 | Регионална библиотека "Любен Каравелов" Русе | Регионална библиотека "Любен Каравелов" Русе | Читалня | 2001-01-01 | Читалня | 1.65 | 622674 | Ч 338.4/Р 29 | 120000622674 | 2 | 0.84 | Книги | Дата инв: 23.03.2017 Бележки инв: Ч2017 | |
| Изтеглен | Не е изгубен | Universal Decimal Classification | Не е повреден | без рестрикции | заемане за дома | 18433 | Регионална библиотека "Любен Каравелов" Русе | Регионална библиотека "Любен Каравелов" Русе | Заемна - подръчен фонд | 2001-01-01 | Заемна - подръчен фонд | 1.65 | 625371 | П 338.4/Р 29 | 625371 | 3 | 0.84 | Книги | Дата инв: 05.02.2018 Бележки инв: П2018 |